| 000 | 01340nam0a22003131 4500 | ||
|---|---|---|---|
| 001 | rc\2785187 | ||
| 005 | 20250529164904.0 | ||
| 035 | _a(NLR Aleph) 006911385 | ||
| 090 |
_a7350856 _c7350856 |
||
| 100 | _a20110915d1935 |||y0rusy50 ca | ||
| 101 | 0 | _arus | |
| 102 | _aRU | ||
| 105 | _ac z ||||| | ||
| 200 | 1 |
_aЕгипетские ночи _fМузыка Аренского _aШопениана _fМузыка Шопена _aКарнавал _fЮ. О. Слонимский _gМузыка Шумана _g[Либретто и очерк худож. деятельности М. М. Фокина] |
|
| 210 |
_a[Ленинград] _cЛен. гос. акад. театр оперы и балета _d1935 |
||
| 215 |
_a44 с., 3 л. портр. _d18 см. |
||
| 300 | _aЗагл. обл.: Карнавал. Шопениана | ||
| 512 | 0 | _aКарнавал. Шопениана | |
| 700 | 1 |
_aСлонимский _bЮ.И. _f1902-1978 _gЮрий Иосифович |
|
| 702 | 1 |
_aШопен _bФ. _gФредерик _4570 |
|
| 702 | 1 |
_aШуман _bР. _gРоберт _4570 |
|
| 702 | 1 |
_aФокин _bМ.М. _4570 |
|
| 702 | 1 |
_aШопениан _4570 |
|
| 702 | 1 |
_aАренский _bА.С. _gАнтон Степанович _4570 |
|
| 801 | 0 |
_aRU _bNLR _gpsbo |
|
| 801 | 1 |
_aRU _bELAR _2rusmarc |
|
| 852 |
_aNLR _jИс70 В-4/28 |
||
| 942 | _cBOOK | ||
| 980 | _aNB | ||